Γενική νομική ανάλυση του maritime salvage και παράθεση πραγματικών γεγονότων : πτυχιακή εργασία
Αποθηκεύτηκε σε:
| Κύριος συγγραφέας: | |
|---|---|
| Συγγραφή απο Οργανισμό/Αρχή: | |
| Άλλοι συγγραφείς: | |
| Μορφή: | Thesis Βιβλίο |
| Γλώσσα: | Greek |
| Δημοσίευση: |
2014.
|
| Θέματα: | |
| Διαθέσιμο Online: | http://hdl.handle.net/11610/9663 |
| Ετικέτες: |
Προσθήκη ετικέτας
Δεν υπάρχουν, Καταχωρήστε ετικέτα πρώτοι!
|
MARC
| LEADER | 00000cam a2200000 a 4500 | ||
|---|---|---|---|
| 001 | 1/113058 | ||
| 008 | 170213s2014####gr | ||| |||| ||gre|| | ||
| 040 | |a GR-MyUa |b gre |c GR-MyUa |e AACR2 | ||
| 041 | 0 | |a gre | |
| 082 | 7 | |a 341.75668 |2 (23) | |
| 100 | 1 | |a Κουτράκου, Χριστιάνα. | |
| 245 | 1 | 2 | |a Γενική νομική ανάλυση του maritime salvage και παράθεση πραγματικών γεγονότων : |b πτυχιακή εργασία / |c Κουτράκου Χριστιάνα ; επιβλέπουσα καθηγήτρια Βικτωρία Αθανασοπούλου. |
| 260 | |c 2014. | ||
| 300 | |a 73 σ. : |c 30 εκ. | ||
| 502 | |a Πτυχιακή εργασία - Πανεπιστήμιο Αιγαίου, Χίος, 2014. | ||
| 504 | |a Περιλαμβάνει βιβλιογραφία. | ||
| 650 | 0 | |a Salvage. | |
| 650 | 0 | |a Maritime law. | |
| 700 | 0 | |a Αθανασοπούλου, Βικτωρία, |e dgsf | |
| 710 | 1 | |a Πανεπιστήμιο Αιγαίου |b Σχολή Επιστημών της Διοίκησης |b Τμήμα Ναυτιλίας και Επιχειρηματικών Υπηρεσιών - Τ.Ν.Ε.Υ. | |
| 852 | |a INST |b CHIOS |c DIATR |e 20170214 |h 341.75668 ΚΟΥ |p 005200034383 |q 005200034383 |t DIE |y 23 | ||
| 852 | |a INST |b CHIOS |c DIATR |e 20170214 |h 341.75668 ΚΟΥ |p 005200038133 |q 005200038133 |t DIE |y 23 | ||
| 856 | |u http://hdl.handle.net/11610/9663 | ||
| 924 | |a Κουτράκου |b Χριστιάννα |y Χίος |z 2014-11 | ||
| 970 | |a Παροικάκη |b Βασιλική |z 13-02-2017 | ||